Akta Arkib Negara 2003 (Akta 629) & National Archives Act 2003 (Act 629) : (hingga 15hb Jun 2004)

Bibliographic Details
Corporate Authors: Malaysia, Legal Research Board (Editor)
Format: Book
Language:Malay
Published: Petaling Jaya : International Law Book Services 2004
Subjects:

MARC

LEADER 00000cam a2200000 7i4500
001 0000016878
005 20241028.0
008 060717 my may
020 |a 9678915073 (pbk) 
040 |a INS   |b eng   |e rda 
090 0 0 |a KPG1694.A312003   |b .M35 2004 
110 1 |a Malaysia   |c Legal Research Board 
245 1 0 |a Akta Arkib Negara 2003 (Akta 629) & National Archives Act 2003 (Act 629) :   |b (hingga 15hb Jun 2004)   |c compiled by Legal Research Board 
264 1 |a Petaling Jaya :   |b International Law Book Services   |c 2004 
300 |a 62 pages ;   |c 24 cm. 
336 |a text  |2 rdacontent 
337 |a unmediated  |2 rdamedia 
338 |a volume  |2 rdacarrier 
650 0 |a Archives   |x Law and legislation   |z Malaysia 
710 2 |a Legal Research Board   |e editor 
999 |a 0000016868   |b BOOK   |c Acts   |e Default branch 
999 |a 0000017828   |b BOOK   |c Acts   |e Default branch